Quiz Cultura Generale - Quiz n°108 - Statistics

Statistiche generali
  • Questo quiz è stato fatto 85 volte
  • Il punteggio medio è 6 su 16
Statistiche sulle risposte
Domanda Risposta % Corretto
Quanto vale il quadrato del cubo di 1? 1
100%
A quale nazione appartiene il territorio più a sud dell'Europa continentale? Spagna
76%
Come si traduce in italiano il termine inglese "shield"? Scudo
73%
Chi ha vinto il Festival di Sanremo del 2025? Olly
67%
Quale autore scrisse la "Vita nova"? Dante Alighieri
54%
Chi fa amico e rivale di Gino Bartali? Fausto Coppi
46%
In quale paese sono state girate la maggior parte delle scene della saga de "Il Signore degli Anelli"? Nuova Zelanda
40%
Qaule allenatore di calcio ha vinto i Campionato mondiali di calcio nel 2022? Lionel Scaloni
36%
Qual è la capitale del Suriname? Paramaribo
36%
In quale regione italiana si trova la Foresta Umbra? Puglia
36%
Quale regione forma la Repubblica Ceca assieme alla Moravia? Boemia
30%
Come sono dette le regioni della Germania? Länder
28%
Dove morì Carlo Magno? Aquisgrana
10%
Quale città venne distrutta da Roma nel 396 a.C.? Veio
6%
Dopo quale battaglia nacque la Croce Rossa Internazionale (1859)? Battaglia di Solferino
3%
Cosa si ottiene dall'unione di un alcol ed un acido carbossilico? Estere (e acqua)
3%
Nessun quiz corrispondente trovato
Distribuzione punteggi
Percentuale di utenti per punteggio
Percentile per numero di risposta
I tuoi punteggi nel tempo
Non hai fatto questo quiz